Départements français par nombre de communes - Statistiques

Statistiques générales
  • Ce quiz a été pris 30 fois
  • Le résultat moyen est 56 sur 101
Réponses sur la Carte
Les réponses sont colorées sur une échelle allant du rouge au vert en fonction du pourcentage des utilisateurs qui les ont devinées à leur premier essai. Vous pouvez retrouver ces pourcentages ci-dessous.
 
Statistiques - réponses
Départements Nombres de communes % Correct
2A Corse-du-Sud 124
91%
2B Haute-Corse 236
91%
69 Rhône (et métropole de Lyon) 275
86%
73 Savoie 273
86%
1 Ain 392
82%
7 Ardèche 335
82%
15 Cantal 246
82%
26 Drôme 363
82%
74 Haute-Savoie 279
82%
38 Isère 512
82%
29 Finistère 277
77%
43 Haute-Loire 257
77%
42 Loire 323
77%
75 Paris 1
77%
63 Puy-de-Dôme 464
77%
3 Allier 317
73%
22 Côtes-d'Armor 348
73%
91 Essonne 194
73%
971 Guadeloupe 32
73%
50 Manche 445
73%
56 Morbihan 249
73%
59 Nord 648
73%
62 Pas-de-Calais 890
73%
77 Seine-et-Marne 507
73%
78 Yvelines 259
73%
14 Calvados 528
68%
27 Eure 585
68%
92 Hauts-de-Seine 36
68%
35 Ille-et-Vilaine 332
68%
76 Seine-Maritime 708
68%
93 Seine-Saint-Denis 40
68%
94 Val-de-Marne 47
68%
2 Aisne 798
64%
973 Guyane 22
64%
45 Loiret 325
64%
972 Martinique 34
64%
976 Mayotte 17
64%
60 Oise 680
64%
61 Orne 385
64%
80 Somme 772
64%
95 Val-d'Oise 183
64%
18 Cher 286
59%
28 Eure-et-Loir 365
59%
36 Indre 241
59%
37 Indre-et-Loire 272
59%
41 Loir-et-Cher 267
59%
90 Territoire de Belfort 101
59%
89 Yonne 423
59%
6 Alpes-Maritimes 163
55%
13 Bouches-du-Rhône 135
55%
21 Côte-d'Or 698
55%
58 Nièvre 309
55%
83 Var 153
55%
84 Vaucluse 151
55%
4 Alpes-de-Haute-Provence 198
50%
19 Corrèze 279
50%
23 Creuse 256
50%
25 Doubs 569
50%
5 Hautes-Alpes 162
50%
39 Jura 494
50%
974 La Réunion 24
50%
47 Lot-et-Garonne 319
50%
57 Moselle 725
50%
64 Pyrénées-Atlantiques 545
50%
71 Saône-et-Loire 564
50%
67 Bas-Rhin 514
45%
33 Gironde 535
45%
70 Haute-Saône 539
45%
40 Landes 327
45%
51 Marne 611
45%
10 Aube 431
41%
16 Charente 362
41%
17 Charente-Maritime 463
41%
79 Deux-Sèvres 256
41%
24 Dordogne 503
41%
30 Gard 351
41%
31 Haute-Garonne 586
41%
87 Haute-Vienne 195
41%
68 Haut-Rhin 366
41%
34 Hérault 342
41%
54 Meurthe-et-Moselle 591
41%
55 Meuse 499
41%
86 Vienne 265
41%
8 Ardennes 448
36%
11 Aude 433
36%
46 Lot 313
36%
88 Vosges 507
36%
9 Ariège 326
32%
32 Gers 461
32%
52 Haute-Marne 426
32%
65 Hautes-Pyrénées 469
32%
44 Loire-Atlantique 207
32%
49 Maine-et-Loire 176
32%
53 Mayenne 240
32%
72 Sarthe 354
32%
81 Tarn 314
32%
85 Vendée 255
32%
12 Aveyron 285
27%
66 Pyrénées-Orientales 226
27%
82 Tarn-et-Garonne 195
27%
48 Lozère 152
23%
Aucun quiz correspondant
Distribution des résultats
% des personnes avec chaque résultat
Percentile par nombre de réponses
Votre historique - résultats
Vous n’avez pas pris ce quiz